Tango pre Anu-Lauru (Record no. 22377)
[ view plain ]
| 000 -LEADER | |
|---|---|
| fixed length control field | 01388cam a2200397 a 4500 |
| 001 - CONTROL NUMBER | |
| control field | 22377 |
| 003 - CONTROL NUMBER IDENTIFIER | |
| control field | VRT |
| 005 - DATE AND TIME OF LATEST TRANSACTION | |
| control field | 20260327082348.0 |
| 008 - FIXED-LENGTH DATA ELEMENTS--GENERAL INFORMATION | |
| fixed length control field | 240606s1994 xo cr 00001 slo |
| 015 ## - NATIONAL BIBLIOGRAPHY NUMBER | |
| National bibliography number | SNBA1994/10 |
| 020 ## - INTERNATIONAL STANDARD BOOK NUMBER | |
| International Standard Book Number | 8006005451 |
| 035 ## - SYSTEM CONTROL NUMBER | |
| System control number | SNK000019227 |
| 039 #9 - LEVEL OF BIBLIOGRAPHIC CONTROL AND CODING DETAIL [OBSOLETE] | |
| Level of rules in bibliographic description | 202406181124 |
| Level of effort used to assign nonsubject heading access points | msnk116 |
| Level of effort used to assign subject headings | 202406171453 |
| Level of effort used to assign classification | msnk116 |
| Level of effort used to assign subject headings | 202406061422 |
| Level of effort used to assign classification | VLOAD |
| Level of effort used to assign subject headings | 202403181635 |
| Level of effort used to assign classification | VLOAD |
| 040 ## - CATALOGING SOURCE | |
| Original cataloging agency | SNK |
| Language of cataloging | slo |
| Transcribing agency | SNK |
| Description conventions | AACR2 |
| 041 1# - LANGUAGE CODE | |
| Language code of text/sound track or separate title | slo |
| Language code of original | ger |
| 044 ## - COUNTRY OF PUBLISHING/PRODUCING ENTITY CODE | |
| MARC country code | xo |
| ISO country code | SK |
| 072 #7 - SUBJECT CATEGORY CODE | |
| Subject category code | 821.112.2 |
| Subject category code subdivision | Nemecká literatúra, nemecky písaná |
| Source | konspekt |
| 080 ## - UNIVERSAL DECIMAL CLASSIFICATION NUMBER | |
| Universal Decimal Classification number | 821.112.2-3 |
| Edition identifier | 2001 |
| 080 ## - UNIVERSAL DECIMAL CLASSIFICATION NUMBER | |
| Universal Decimal Classification number | (0:82-311.3) |
| Edition identifier | 2011 |
| 100 1# - MAIN ENTRY--PERSONAL NAME | |
| Personal name | Friedrich, Joachim, |
| Dates associated with a name | 1953- |
| Relationship | aut |
| 240 10 - UNIFORM TITLE | |
| Uniform title | Anna-Lauras Tango |
| Language of a work | Slovensky |
| 245 10 - TITLE STATEMENT | |
| Title | Tango pre Anu-Lauru |
| Statement of responsibility, etc. | Joachim Friedrich ; prel. Marta Ličková |
| 250 ## - EDITION STATEMENT | |
| Edition statement | 1. vyd. |
| 260 ## - PUBLICATION, DISTRIBUTION, ETC. | |
| Place of publication, distribution, etc. | Bratislava |
| Name of publisher, distributor, etc. | Mladé letá |
| Date of publication, distribution, etc. | 1994 |
| Place of manufacture | Žilina |
| Manufacturer | Danubiaprint |
| 300 ## - PHYSICAL DESCRIPTION | |
| Extent | 143 s. |
| Dimensions | 20 cm |
| 521 1# - TARGET AUDIENCE NOTE | |
| Target audience note | Pre čitateľov od 13 rokov |
| 655 #7 - INDEX TERM--GENRE/FORM | |
| Genre/form data or focus term | nemecké prózy |
| Source of term | SNKPH |
| 655 #7 - INDEX TERM--GENRE/FORM | |
| Genre/form data or focus term | dobrodružné romány |
| Source of term | SNKPH |
| 700 1# - ADDED ENTRY--PERSONAL NAME | |
| Personal name | Ličková, Marta, |
| Dates associated with a name | 1926- |
| Relationship | trl |
| 942 ## - ADDED ENTRY ELEMENTS (KOHA) | |
| Source of classification or shelving scheme | Dewey Decimal Classification |
| Koha item type | Krásna literatúra pre dospelých |
| Suppress in OPAC | No |
| 949 ## - LOCAL PROCESSING INFORMATION (OCLC) | |
| 6 | 17A0073928 |
| 9 | P60, <04>, [BOOK], {604} |
| a | snkSC 86683 D1 |
| 949 ## - LOCAL PROCESSING INFORMATION (OCLC) | |
| 6 | 270001000031618 |
| a | svkbbA 87013 |
| b | svkbbm 587531 |
| p | 587.531 |
| 949 ## - LOCAL PROCESSING INFORMATION (OCLC) | |
| 6 | 273K0197896 |
| a | svkpoA 163678 |
| b | svkpo404777 |
| o | PV 4226/94 |
| Stav vyradenia | Strata | Poškodenie | Spôsob nadobudnutia | Domovská knižnica | Aktuálna knižnica | Dátum nadobudnutia | Total checkouts | Čiarový kód exemplára | Date last seen | Typ exemplára |
|---|---|---|---|---|---|---|---|---|---|---|
| Dar | Obecná knižnica Turčianska Štiavnička | Obecná knižnica Turčianska Štiavnička | 27.03.2026 | 4738000775 | 27.03.2026 | Krásna literatúra pre dospelých |
